Normal view
MARC view
- Kabiling, Genalyn D.
Entry Personal Name
001 - CONTROL NUMBER
- control field: 46790
003 - CONTROL NUMBER IDENTIFIER
- control field: OSt
005 - DATE AND TIME OF LATEST TRANSACTION
- control field: 20221114155635.0
008 - FIXED-LENGTH DATA ELEMENTS
- fixed length control field: 221114|| aca||aabn | a|a d
040 ## - CATALOGING SOURCE
- Original cataloging agency: OSt
- Transcribing agency: OSt
100 ## - HEADING--PERSONAL NAME
- Personal name: Kabiling, Genalyn D.
670 ## - SOURCE DATA FOUND
- Source citation: Work cat.: (OSt): Kabiling, Genalyn D. , DOE pushes use of nuclear energy in PH /, March 4, 2020.
